| Tag |
First Indicator |
Second Indicator |
Subfields |
| LEADER |
00000cam a2200000 4500 |
| 001 |
in00003843421 |
| 005 |
20190415183320.0 |
| 006 |
m o d |
| 007 |
cr |n||||||||n |
| 008 |
890405s1703 enk|||| o 00| ||eng c |
| 035 |
|
|
|a (CU-RivES)N37471
|
| 035 |
|
|
|a (Uk-ES)006030040
|
| 035 |
|
|
|a (OCoLC)508173562
|
| 040 |
|
|
|a CU-RivES
|c CU-RivES
|d CU-RivES
|d CStRLIN
|d CU-RivES
|d Cengage Gale
|d UtOrBLW
|
| 245 |
0 |
4 |
|a The Shortest-way with whores and rogues: or, A new project for reformation :
|b Dedicated to Mr. Daniel de Foe, author of The shortest way with dissenters.
|
| 264 |
|
1 |
|a London :
|b [publisher not identified],
|c Printed in the year, 1703.
|
| 300 |
|
|
|a 1 online resource (12 unnumbered pages, 106 pages)
|
| 336 |
|
|
|a text
|b txt
|2 rdacontent
|
| 337 |
|
|
|a computer
|b c
|2 rdamedia
|
| 338 |
|
|
|a online resource
|b cr
|2 rdacarrier
|
| 500 |
|
|
|a Sometimes attributed to John Dunton.
|
| 509 |
|
|
|a Verify pagination. CtY-BR reports [10],109[id est106]p.
|
| 510 |
4 |
|
|a English Short Title Catalog,
|c N37471.
|
| 500 |
|
|
|a Reproduction of original from Boston Public Library.
|
| 500 |
|
|
|a Electronic resource.
|
| 600 |
1 |
0 |
|a Defoe, Daniel,
|d 1661?-1731.
|t Shortest way with the Dissenters.
|
| 655 |
|
7 |
|a Electronic books.
|2 local
|
| 710 |
2 |
|
|a Gale (Firm)
|0 http://id.loc.gov/authorities/names/no2008071348
|
| 752 |
|
|
|a Great Britain
|b England
|d London.
|
| 856 |
4 |
0 |
|u http://proxy.library.tamu.edu/login?url=http://find.galegroup.com/ecco/infomark.do?contentSet=ECCOArticles&docType=ECCOArticles&bookId=1367900400&type=getFullCitation&tabID=T001&prodId=ECCO&docLevel=TEXT_GRAPHICS&version=1.0&source=library&userGroupName=txshracd2898
|z Connect to the full text of this electronic book
|t 0
|
| 999 |
f |
f |
|s a613a674-9c2d-3cf4-bc5b-7119ff99d188
|i 3643ed7c-908f-344d-8c15-b72531807f9a
|t 0
|
| 952 |
f |
f |
|a Texas A&M University
|b College Station
|c Electronic Resources
|d Available Online
|t 0
|h No information provided
|
| 998 |
f |
f |
|t 0
|l Available Online
|